[Event "interzonal (w)"]
[Site "Roosendaal NED"]
[Date "1976.12.13"]
[Round "12"]
[White "De Caro, Ilse"]
[Black "Belavenets, Ludmila"]
[Result "1/2-1/2"]
[WhiteElo "1920"]
[BlackElo "2165"]
[EventDate "1976.11.27"]
[PlyCount "29"]

1.e4 c5 2.Nf3 e6 3.c3 d5 4.exd5 Qxd5 5.d4 Nf6 6.Nbd2 Nc6 7.Bc4 Qd8 8.Nb3 
cxd4 9.Nbxd4 Nxd4 10.Qxd4 Qxd4 11.Nxd4 a6 12.Bf4 Be7 13.O-O O-O 14.Rfe1 
Bd7 15.Rad1 1/2-1/2

[Event "interzonal (w)"]
[Site "Roosendaal NED"]
[Date "1976.12.13"]
[Round "12"]
[White "Kushnir, Alla"]
[Black "Akhmylovskaya, Elena"]
[Result "1/2-1/2"]
[WhiteElo "2365"]
[BlackElo "2230"]
[EventDate "1976.11.27"]
[PlyCount "50"]

1.c4 e5 2.Nc3 Nf6 3.Nf3 Nc6 4.g3 Bb4 5.Bg2 O-O 6.O-O e4 7.Ng5 Bxc3 8.bxc3 
Re8 9.d3 exd3 10.exd3 h6 11.Ne4 b6 12.Bf4 Bb7 13.Nxf6+ Qxf6 14.d4 d6 15.
Qa4 Na5 16.Bxb7 Nxb7 17.Rfe1 Qd8 18.Qa6 Na5 19.c5 dxc5 20.dxc5 Rxe1+ 21.
Rxe1 Qd7 22.Qe2 Rd8 23.Qe7 Nc6 24.Qxd7 Rxd7 25.Re8+ Kh7 1/2-1/2

[Event "interzonal (w)"]
[Site "Roosendaal NED"]
[Date "1976.12.13"]
[Round "12"]
[White "Orton, Ruth"]
[Black "Lemachko, Tatiana"]
[Result "1/2-1/2"]
[WhiteElo "2090"]
[BlackElo "2330"]
[EventDate "1976.11.27"]
[PlyCount "170"]

1.e4 c6 2.d4 d5 3.exd5 cxd5 4.c4 Nf6 5.Nc3 g6 6.Nf3 Bg7 7.Be2 O-O 8.O-O 
dxc4 9.Bxc4 Nbd7 10.Bb3 Nb6 11.Re1 Bg4 12.d5 Nfd7 13.Bg5 Ne5 14.h3 Bxf3 
15.gxf3 h6 16.f4 hxg5 17.fxe5 Kh7 18.Qg4 Qd7 19.e6 fxe6 20.Ne4 Bf6 21.dxe6
Qc7 22.Nxg5+ Bxg5 23.Qxg5 Rf5 24.Qg4 Qc5 25.Qe2 Raf8 26.Rac1 Rg5+ 27.Kh1 
Qf5 28.Rc3 Kg7 29.Rg1 Rh5 30.Rcg3 Nd5 31.Bxd5 Qxd5+ 32.Kh2 Rhf5 33.R1g2 
R8f6 34.Rd3 Qxe6 35.Qxe6 Rxe6 36.Rd7 Rb5 37.f3 Kf6 38.b3 a6 39.Rc2 Rd6 40.
Rdc7 Rd3 41.Re2 Rxf3 42.Rcxe7 Rf2+ 43.Rxf2+ Kxe7 44.Kg3 Rg5+ 45.Kh2 Rd5 
46.Kg3 Rd1 47.Rc2 Kd7 48.Rg2 Ke6 49.Kg4 Rd5 50.Re2+ Kd7 51.Rc2 a5 52.Rf2 
Ke7 53.Rc2 Kd7 54.Kf4 Rf5+ 55.Kg4 b6 56.Kh4 Rh5+ 57.Kg4 Re5 58.Kf4 Rd5 59.
Kg4 Rh5 60.Kg3 Rd5 61.Kg4 Rb5 62.Kf4 Rf5+ 63.Kg4 b5 64.Kh4 Rh5+ 65.Kg4 Rd5
66.Kf4 Rh5 67.Kg4 Rf5 68.Kg3 Kd6 69.Rc8 Ke6 70.Rc6+ Kf7 71.Ra6 b4 72.Kg4 
Rc5 73.Kf4 Rh5 74.Kg4 Kg7 75.Ra7+ Kh6 76.Ra6 Rg5+ 77.Kf3 Kh5 78.Ra7 Rc5 
79.Rh7+ Kg5 80.h4+ Kf6 81.Ra7 Kf5 82.Rf7+ Ke6 83.Ra7 Kf5 84.Rf7+ Ke5 85.
Ra7 Kf5 1/2-1/2

[Event "interzonal (w)"]
[Site "Roosendaal NED"]
[Date "1976.12.13"]
[Round "12"]
[White "Van der Mije, Alexandra"]
[Black "Fomina, Tatiana"]
[Result "1/2-1/2"]
[WhiteElo "2295"]
[BlackElo "2125"]
[EventDate "1976.11.27"]
[PlyCount "66"]

1.e4 e6 2.Nf3 d5 3.Nc3 Nf6 4.e5 Nfd7 5.d4 c5 6.dxc5 Bxc5 7.Bd3 Nc6 8.Bf4 
f6 9.exf6 Nxf6 10.O-O O-O 11.Ne2 Nh5 12.Bg3 Nxg3 13.Nxg3 e5 14.b4 Bxb4 15.
c4 d4 16.Rb1 Be7 17.Qe2 Bf6 18.h4 g6 19.h5 g5 20.Qe4 Qe7 21.Rfe1 Kh8 22.h6
Be6 23.Nh5 Bg8 24.Nxf6 Rxf6 25.Nxd4 Raf8 26.Nxc6 bxc6 27.Qxe5 Qxe5 28.Rxe5
Rxf2 29.Rf1 Rxf1+ 30.Bxf1 Rf6 31.Ra5 Rxh6 32.Rxa7 Rh4 33.Ra5 Bxc4 1/2-1/2

[Event "interzonal (w)"]
[Site "Roosendaal NED"]
[Date "1976.12.15"]
[Round "13"]
[White "Belavenets, Ludmila"]
[Black "Kushnir, Alla"]
[Result "1/2-1/2"]
[WhiteElo "2165"]
[BlackElo "2365"]
[EventDate "1976.11.27"]
[PlyCount "26"]

1.d4 d5 2.c4 e6 3.Nc3 Nf6 4.Bg5 Nbd7 5.Nf3 Be7 6.e3 c6 7.cxd5 exd5 8.Bd3 
O-O 9.O-O Re8 10.Qc2 Nf8 11.Rab1 Ne4 12.Bxe7 Qxe7 13.Bxe4 dxe4 1/2-1/2

[Event "interzonal (w)"]
[Site "Roosendaal NED"]
[Date "1976.12.15"]
[Round "13"]
[White "Akhmylovskaya, Elena"]
[Black "Van der Mije, Alexandra"]
[Result "0-1"]
[WhiteElo "2230"]
[BlackElo "2295"]
[EventDate "1976.11.27"]
[PlyCount "48"]

1.e4 c5 2.Nf3 Nc6 3.d4 cxd4 4.Nxd4 Nf6 5.Nc3 e5 6.Ndb5 d6 7.a4 h6 8.Be3 a6
9.Na3 Rb8 10.Bc4 Be7 11.O-O O-O 12.Nd5 Nxd5 13.exd5 Nd4 14.Bd3 Nf5 15.Bd2 
Bg5 16.a5 Nh4 17.Nc4 Bxd2 18.Qxd2 Bh3 19.Be4 f5 20.gxh3 fxe4 21.Kh1 Nf3 
22.Qe3 Qh4 23.Nd2 Rf4 24.Qa7 Qxh3 0-1

[Event "interzonal (w)"]
[Site "Roosendaal NED"]
[Date "1976.12.15"]
[Round "13"]
[White "Fomina, Tatiana"]
[Black "Veroci, Zsuzsa"]
[Result "1-0"]
[WhiteElo "2125"]
[BlackElo "2275"]
[EventDate "1976.11.27"]
[PlyCount "85"]

1.e4 e5 2.Nc3 Nc6 3.Bc4 Nf6 4.d3 Bb4 5.Ne2 d5 6.exd5 Nxd5 7.Bxd5 Qxd5 8.
O-O Qd8 9.f4 O-O 10.f5 f6 11.Ne4 g6 12.N2g3 Be7 13.c3 Rf7 14.Qf3 Qd7 15.
Bh6 gxf5 16.Nxf5 Qxf5 17.Qxf5 Bxf5 18.Rxf5 Rd8 19.Raf1 Rxd3 20.Nxf6+ Kh8 
21.g4 Rd6 22.g5 Rd3 23.Kg2 Rd2+ 24.R1f2 Rxf2+ 25.Rxf2 Bd6 26.h4 Nd8 27.Kf3
Ne6 28.Ke4 Nf4 29.b4 Ng6 30.h5 Nf4 31.Rd2 b6 32.c4 Ne6 33.a3 a6 34.Kf5 
Nd4+ 35.Ke4 Ne6 36.Rd1 Nd4 37.Rf1 Ne2 38.g6 Ng3+ 39.Kd5 hxg6 40.hxg6 Nxf1 
41.gxf7 a5 42.c5 bxc5 43.bxa5 1-0

[Event "interzonal (w)"]
[Site "Roosendaal NED"]
[Date "1976.12.15"]
[Round "13"]
[White "Lazarevic, Milunka"]
[Black "Orton, Ruth"]
[Result "1/2-1/2"]
[WhiteElo "2200"]
[BlackElo "2090"]
[EventDate "1976.11.27"]
[PlyCount "60"]

1.e4 c5 2.Nc3 Nc6 3.f4 d6 4.Bb5 Bd7 5.Nf3 g6 6.O-O Bg7 7.d3 e6 8.Bxc6 Bxc6
9.f5 Qd7 10.fxe6 fxe6 11.Ng5 Nh6 12.Be3 O-O-O 13.h3 Rdf8 14.Rxf8+ Bxf8 15.
d4 b6 16.Qd2 d5 17.Nxe6 Qxe6 18.exd5 Bxd5 19.Bxh6 Bxh6 20.Qxh6 cxd4 21.
Nxd5 Qxd5 22.Qg7 Re8 23.Qxa7 Qc5 24.Qa8+ Kd7 25.Qb7+ Kd6 26.Kh1 Qb4 27.c3 
Qxb2 28.Rd1 Qxc3 29.Qxb6+ Ke7 30.Rxd4 Qe1+ 1/2-1/2

[Event "interzonal (w)"]
[Site "Roosendaal NED"]
[Date "1976.12.15"]
[Round "13"]
[White "Vreeken, Corry"]
[Black "De Caro, Ilse"]
[Result "1-0"]
[WhiteElo "2155"]
[BlackElo "1920"]
[EventDate "1976.11.27"]
[PlyCount "45"]

1.e4 e5 2.Nf3 Nc6 3.Bb5 a6 4.Bxc6 dxc6 5.O-O Bg4 6.h3 h5 7.d3 Qf6 8.Nbd2 
O-O-O 9.hxg4 hxg4 10.Nh2 Kb8 11.Qxg4 Bc5 12.Ndf3 Nh6 13.Qg3 Rde8 14.Be3 
Bd6 15.Ng4 Qe6 16.Nxh6 gxh6 17.Qh3 Qf6 18.Nh4 Reg8 19.Nf5 Rg6 20.Kh1 Rhg8 
21.Rg1 h5 22.g3 Be7 23.Qh4 1-0